| 000 | 00883nam a2200265 a 4500 | ||
|---|---|---|---|
| 001 | 6509 | ||
| 003 | BD-RjUL | ||
| 005 | 20211208234245.0 | ||
| 008 | 160830r19631961nyua b 001 0 eng d | ||
| 035 | _a(BD-RjUL)6550 | ||
| 040 |
_aBD-RjUL _beng _cBD-RjUL |
||
| 041 | _aeng | ||
| 082 | 0 | 0 |
_223 _a515.35 _bSAS 1963 |
| 100 | 1 |
_aSalle, Joseph La _920490 |
|
| 245 | 1 | 0 |
_aStability by Liapunov's direct method : _bwith applications / _c[by] Joseph La Salle and Solomon Lefschetz. |
| 260 |
_aNew York ; _aLondon : _bAcademic Press, _c1961 [Reprinted 1963] |
||
| 300 |
_aix, 134 p : _bill. ; _c24 cm. |
||
| 504 | _aIncludes bibliography and index | ||
| 650 | 0 |
_aStability. _97329 |
|
| 650 | 0 |
_aDifferntial equations. _9153637 |
|
| 700 | 1 |
_aLefschetz, Solomon, _d1884-1972. _920492 |
|
| 830 | 0 |
_vvol. 4 _9153782 |
|
| 830 | 0 |
_aMathematics in science and engineering ; _9153783 |
|
| 942 |
_2ddc _cBK |
||
| 999 |
_c6509 _d6509 |
||